Modern elementary statistics
Saved in:
| Main Author: | |
|---|---|
| Format: | Book |
| Language: | English |
| Published: |
Englewood Cliffs :
Prentice-Hall,
1967
|
| Edition: | 3rd ed. |
| Series: | Prentice-Hall mathematics series
|
| Subjects: | |
| Tags: |
Add Tag
No Tags, Be the first to tag this record!
|
MARC
| LEADER | 00000nam a2200000 i 4500 | ||
|---|---|---|---|
| 001 | 1/19847 | ||
| 008 | 960703s1967 eng d | ||
| 035 | |l 10021421 | ||
| 040 | |a GR-MY-UA |b gre |e aacr | ||
| 041 | 0 | |a eng | |
| 082 | 0 | |a 519.5 | |
| 100 | 1 | |a Freund, John E. | |
| 245 | 1 | 0 | |a Modern elementary statistics / |c John E.Freund |
| 250 | |a 3rd ed. | ||
| 260 | |a Englewood Cliffs : |b Prentice-Hall, |c 1967 | ||
| 300 | |a 432 p. | ||
| 490 | 1 | |a Prentice Hall mathematics series | |
| 500 | |a Includes index | ||
| 650 | 0 | 0 | |a Statistics. |
| 830 | 0 | |a Prentice-Hall mathematics series | |
| 852 | |a INST |b CHIOS |e 19960703 |h 519.5 FRE |p 005200007331 |q 005200007331 |t BK |y 0 | ||
| 909 | |a Χ |b 013241 | ||